| 000 | 00754cam a2200217 4500 | ||
|---|---|---|---|
| 001 | L128470 | ||
| 008 | 040318n2004 000 0 eng u | ||
| 020 | _a0948272937 | ||
| 035 | _a(Sirsi) u125470 | ||
| 041 | _aeng | ||
| 050 |
_a382.914203 _c18 |
||
| 100 | _aDavies, Eric | ||
| 245 |
_aEurojargon _ba dictionary of European Union acronyms, abbreviations and terminology |
||
| 250 | _a7th ed. | ||
| 260 |
_aManchester _bEuropean Information Assocation _c2004 |
||
| 300 |
_avii,344p. _c22cm. |
||
| 350 | _a50 | ||
| 520 | _aExplains the meaning of more than 5 000 acronyms, abbreviations and sobriquets used across the European Union to identify European projects, schemes and agencies. | ||
| 690 | _aMANAGEMENT-BUSINESS MANAGEMENT | ||
| 942 | _n0 | ||
| 999 |
_c103397 _d103397 |
||